00832nam a22002417a 4500003000500000005001700005008004100022010001000063011001000073035001000083040000900093082001500102110005600117245002700173260003000200300001900230490007900249500007800328650003800406650002600444650004100470830007900511CHAP20220329134629.0971013s1977 r 00010 d a23275 a24247 a28346 cCHAP a631.7bC85 aComisión del Plan Nacional Hidráulico. México aModelo hidroagrícola a(México :bs.e.),c1977 av.b; gráfs. aComisión del Plan Nacional Hidráulico. México. Documentaciónv; 16 aLa biblioteca tiene: v.1 (edición preliminar) por Joaquín Huerta Meza14aAgriculturaxModelos matematicos.14aAgua para irrigacion.14aIrrigaciónxModelos matemáticos.0 aComisión del Plan Nacional Hidráulico. México. Documentaciónv; 16